ბათუმის შოთა რუსთაველის სახელმწიფო უნივერსიტეტის ბიბლიოთეკა

Фольклор и этнография (ბიბ.ჩანაწერი № 35305)

000 -LEADER
fixed length control field 00628nam a2200217Ia 4500
001 - CONTROL NUMBER
control field 1156
003 - CONTROL NUMBER IDENTIFIER
control field GE_BSU
008 - FIXED-LENGTH DATA ELEMENTS--GENERAL INFORMATION
fixed length control field 181216s||||||||xx |||||||||||||| ||und||
040 ## - CATALOGING SOURCE
Transcribing agency GE_BSU
080 ## - UNIVERSAL DECIMAL CLASSIFICATION NUMBER
Universal Decimal Classification number 398+39
245 ## - TITLE STATEMENT
Title Фольклор и этнография
245 ## - TITLE STATEMENT
Remainder of title У этнографических истоков фольклорных сюжетов и образов
245 ## - TITLE STATEMENT
Statement of responsibility, etc. Под ред.Б.Н.Путилова
260 ## - PUBLICATION, DISTRIBUTION, ETC.
Place of publication, distribution, etc. Ленинград
260 ## - PUBLICATION, DISTRIBUTION, ETC.
Name of publisher, distributor, etc. Наука
260 ## - PUBLICATION, DISTRIBUTION, ETC.
Date of publication, distribution, etc. 1984
300 ## - PHYSICAL DESCRIPTION
Extent 254стр.
653 ## - INDEX TERM--UNCONTROLLED
Uncontrolled term Фольклор и этнография
942 ## - ADDED ENTRY ELEMENTS (KOHA)
Koha item type წიგნი
ეგზემპლარები
Withdrawn status Lost status Damaged status Not for loan Date acquired Barcode Date last seen Price effective from Koha item type
        2018-12-17 1296 2018-12-17 2018-12-17 წიგნი